00364nam a22001337a 4500003000900000005001700009008004100026040001300067245005500080250001100135260002200146300001800168520004400186IT-RoPau20220918181107.0130529b xxu||||| |||| 00| 0 eng d cIT-RoPau aOfficium et Missa B. Mariae V. Reginae Apostolorum a1° ed aMilanobSSPc1960 a48 pp.c16 cm aIndex Sabbato post Ascensionem Domini